| 000 | 00858nam a22001937a 4500 | ||
|---|---|---|---|
| 999 |
_c371644 _d371644 |
||
| 008 | 201127b ||||| |||| 00| 0 eng d | ||
| 040 |
_aDE-2950 _bger _cDE-2950 _erda |
||
| 041 | _ager | ||
| 245 |
_a"Das Unglück hatte acht Namen". _bBrandkatastrophe: 25 Jahe ist es her, dass acht Frauen durch ein Feier im damaligen Wichernheim in der Luisenstraße starben. Nicht nur den Mitarbeitenden und der Feuerwehr ist die Nacht vom 29. auf den 30. Mao 1997 im Gedächtnis geblieben/ _cLisa Mahlke |
||
| 264 | _c2022 | ||
| 653 | _aFrankfurt (Oder) | ||
| 653 | _aWichernheim | ||
| 653 | _aBrandkatastrophe | ||
| 773 |
_dFrankfurt (Oder) Märkisches Verlags- und Druckhaus GmbH & Co KG _tMärkische Oderzeitung _g33. Jahrgang (2022) Nr. 123 vom 28./29.05.2022, S. 20 |
||
| 942 | _cA | ||